DOMINGO 4 DESPUES DE PENTECOSTES /

TRADUCCION DE: DER 4 SONNTAG NACH PFINGSTEN

Guardado en:
Detalles Bibliográficos
Autor corporativo: Abadía de Beuron
Formato: Libro
Colección:PALABRA DE DIOS ; 11
Temas:
Etiquetas: Agrega una etiqueta
Sin etiquetas, Sé el primero en etiquetar este registro!

MARC

LEADER 00000nam^a2200000^a^4500
001 000241873
005 20250521000000.0
009 20260310105233.33
035 |a 052121 
037 |a Acervo Xavier Clavigero 
082 |a 263. 92  |b DOM 
110 |a Abadía de Beuron 
245 1 0 |a DOMINGO 4 DESPUES DE PENTECOSTES /  |c ABADIA DE BEURON ; TR. JOSE ALCARAZ, S.J 
264 |a SALAMANCA, ESPAÑA :  |b SIGUEME,  |c 1967 
300 |a 110 p. 
336 |a texto  |b txt  |2 rdacontenido 
337 |a sin mediación  |b n  |2 rdamedio 
338 |a volumen  |b nc  |2 rdasoporte 
440 |a PALABRA DE DIOS ;  |v 11 
520 |a TRADUCCION DE: DER 4 SONNTAG NACH PFINGSTEN 
649 |a XX 
650 |a Cuaresma 
650 |a PENTECOSTES. 
650 |a Liturgia 
910 |a Fondo General 
920 |a Impresos - Libros 
930 |a Colección General 
905 |a 101 
901 |a 052121  |b IT1  |c ACC  |i 052121  |u 20250521 
902 |a https://opac.biblio.iteso.mx/vufind/Record/000241873